000 00887cam a2200217 4500
001 WS114247
008 010822n 000 0 eng u
035 _a(Sirsi) u114247
245 _aOccupier.org
520 _aWeb site set up by a consortium of organisations including RICS 'to generate and place in the public domain, knowledge of the impact of buildings and workplaces in occupiers business performance'. Includes a searchable database of previous literature.
650 _aCORPORATE PROPERTY
650 _aOFFICES
650 _aRESEARCH
650 _aABOUT RICS-RELATED ORGANISATIONS-RICS FOUNDATION
650 _aOCCUPIER PROPERTY DATABANK
650 _aFACILITES MANAGEMENT
650 _aProperty management
_96262
690 _aPROPERTY-COMMERCIAL PROPERTY
856 4 0 _uhttps://www.occupier.org
_zView the website free of charge at www.occupier.org...
942 _n0
999 _c119853
_d119853